| 000 | 00000nam 2200000za 4500 |
| 001 | 9.850226 |
| 003 | CaOODSP |
| 005 | 20221107154116 |
| 007 | cr ||||||||||| |
| 008 | 180222s2018 onc ob f000 0 eng d |
| 020 | |a978-0-660-24570-6 |
| 040 | |aCaOODSP|beng |
| 043 | |an-cn--- |
| 086 | 1 |aBT22-192/2018E-PDF |
| 245 | 00|aBuilding success |h[electronic resource] : |ba guide to establishing and maintaining a psychological health and safety management system in the federal public service. |
| 246 | 30|aGuide to establishing and maintaining a psychological health and safety management system in the federal public service |
| 260 | |aOttawa : |bTreasury Board of Canada, Secretariat, |c2018. |
| 300 | |a33 p. |
| 500 | |aIssued also in French under title: Viser la réussite : un guide pour établir et maintenir un système de gestion de la santé et de la sécurité psychologiques au sein de la fonction publique fédérale. |
| 500 | |aCover title. |
| 500 | |a"Published: 2018-01-17." |
| 500 | |aIssued also in HTML format. |
| 504 | |aIncludes bibliographical references (p. 28). |
| 692 | 07|2gccst|aPublic service |
| 692 | 07|2gccst|aMental health |
| 692 | 07|2gccst|aGovernment policy |
| 710 | 1 |aCanada. |bTreasury Board. |
| 775 | 08|tViser la réussite |w(CaOODSP)9.850229 |
| 856 | 40|qPDF|s367 KB|uhttps://publications.gc.ca/collections/collection_2018/sct-tbs/BT22-192-2018-eng.pdf |